A Statement of professional practice and basis of charges.

Disimpan dalam:
Butiran Bibliografi
Pengarang Korporat: American Society of Landscape Architects. Connecticut Chapter.
Format: Buku
Bahasa:English
Diterbitkan: Conn. : Connecticut Chapter, American Scoiety of Landscape Architects, [1950]
Subjek-subjek:
Penanda-penanda: Tambah Penanda
Tiada Penanda, Jadilah orang pertama menanda rekod ini!
LEADER 00580nam a22001697u 4500
001 000000409-X
005 20020606090541.3
008 830127|1950 ||||||| |||| |0||||eng|d
035 0 |a ocm78272753 
245 0 2 |a A Statement of professional practice and basis of charges. 
260 0 |a Conn. :  |b Connecticut Chapter, American Scoiety of Landscape Architects,  |c [1950] 
300 |a 7 p. ;  |c 28 cm. 
650 0 |a Landscape architecture  |x Practice. 
650 0 |a Landscape architects  |x Fees. 
710 2 |a American Society of Landscape Architects.  |b Connecticut Chapter. 
988 |a 20020608 
906 |0 MH